1545 1008 1934 1014 1665 1876 1380 1041 1047 1328 1817 1472 1852 1347 1584 1075 1548 1620 1227 1963 1611 1062 1352 1786 1149 1430 1242 1217 1410 1834 1343 1122 1994 1372 1377 1112 1172 1979 1278 1924 1878 1393 1256 1213 1175 1659 1957 1408 1524 1171 1114 1889 1459 1812 1632 1165 1088 1629 1169 1010 1889 1862 1451 1796 1049 1876 1250 1451 1632 1448 1999 1773 1172 1431 1243 1685 1111 1978 1816 1538 1740 1029 1178 1700 1745 1074 1762 1830 1249 1274 1703 1625 1506 1377 1375 1187 1328 1105 1699 BCNSPRNW ULIB Ver.6.0+V

เปลี่ยนเป็นภาษาไทย

Change to English
 แสดงรายละเอียดบรรณานุกรม
  กลับหน้าหลัก

Brief Record : Get Marc (ISO 2709) : E-mail record : QR code < ปิดหน้าต่าง
LEADER : 00000nam 2200000uu 4500
001    13399113343
003     ULIB
008    110627s2553||||th 000 0 tha d
020    9786165000574
090    นว.^bพ723ร 2553
100 0  พิมพิสุธญ์
245 00 รักให้ลุ้นวุ่นหัวใจ/^cพิมพิสุธญ์
250    พิมพ์ครั้งที่ 1
260    กรุงเทพฯ :^bพิมพ์คำ,^c2553
300    367 หน้า
710 1  พิมพ์คำ
945    ^p230^l0^i028040
995    ทศพร
999 ^a ใช้งานได้ทุกระบบ
รายการนี้ยังไม่มีแท็ก
คุณยังไม่ได้ล็อกอิน คุณสามารถมีกิจกรรมร่วมกับเว็บไซต์ได้ แต่ต้องล็อกอินก่อน ::
  ล็อกอิน

รายการสื่อสารสนเทศ

ลำดับที่ ประเภท เลขเรียก/บาร์โค้ด สถานที่ สถานะ
- ไม่พบข้อมูล -

รายการใกล้เคียง
    ผู้แต่ง [พิมพิสุธญ์]

BibComment


ยังไม่เคยถูกคอมเมนท์

คอมเมนท์ทรัพยากรรายการนี้
  คอมเมนท์: รักให้ลุ้นวุ่นหัว..


 Copyright 2026. Bcnsprnw @Library